000 00401nam a2200169Ia 4500
005 20250423095218.0
008 250422s9999 xx 000 0 und d
020 _a0- 02- 404000- 2
050 _aTJ153.R69/
100 _aRobert S. Rouse
245 0 _aEnergy: resource, slave, pollutant
260 _bMacmillan
260 _c1975
300 _a520 p
650 _aPower Resources
942 _cBK
999 _c29586
_d29586